<?xml version="1.0" encoding="UTF-8"?>
<record
    xmlns:xsi="http://www.w3.org/2001/XMLSchema-instance"
    xsi:schemaLocation="http://www.loc.gov/MARC21/slim http://www.loc.gov/standards/marcxml/schema/MARC21slim.xsd"
    xmlns="http://www.loc.gov/MARC21/slim">

  <leader>00350nam a2200145Ia 4500</leader>
  <controlfield tag="008">191201s2001    xx            000 0 und d</controlfield>
  <datafield tag="082" ind1=" " ind2=" ">
    <subfield code="a">621.3811</subfield>
    <subfield code="b">HAC</subfield>
  </datafield>
  <datafield tag="100" ind1=" " ind2=" ">
    <subfield code="a">Haykin, Simon</subfield>
  </datafield>
  <datafield tag="245" ind1=" " ind2="0">
    <subfield code="a">Communication System</subfield>
  </datafield>
  <datafield tag="250" ind1=" " ind2=" ">
    <subfield code="a">4th</subfield>
  </datafield>
  <datafield tag="260" ind1=" " ind2=" ">
    <subfield code="a">N.Delhi</subfield>
    <subfield code="b">John willey and Sons</subfield>
    <subfield code="c">2001</subfield>
  </datafield>
  <datafield tag="300" ind1=" " ind2=" ">
    <subfield code="a">816</subfield>
  </datafield>
  <datafield tag="650" ind1=" " ind2=" ">
    <subfield code="a">B.Tech(ECE)</subfield>
  </datafield>
  <datafield tag="942" ind1=" " ind2=" ">
    <subfield code="2">ddc</subfield>
    <subfield code="c">BK</subfield>
    <subfield code="0">4</subfield>
  </datafield>
  <datafield tag="999" ind1=" " ind2=" ">
    <subfield code="c">3198</subfield>
    <subfield code="d">3198</subfield>
  </datafield>
  <datafield tag="952" ind1=" " ind2=" ">
    <subfield code="0">0</subfield>
    <subfield code="1">0</subfield>
    <subfield code="2">ddc</subfield>
    <subfield code="4">0</subfield>
    <subfield code="7">0</subfield>
    <subfield code="8">BTECHECE</subfield>
    <subfield code="a">PIET</subfield>
    <subfield code="b">PIET</subfield>
    <subfield code="d">2007-09-10</subfield>
    <subfield code="e">UDH, Delhi</subfield>
    <subfield code="g">449.00</subfield>
    <subfield code="k">1494</subfield>
    <subfield code="l">2</subfield>
    <subfield code="o">621.3811 HAC</subfield>
    <subfield code="p">7752</subfield>
    <subfield code="r">2025-05-12 00:00:00</subfield>
    <subfield code="s">2025-05-01</subfield>
    <subfield code="w">2007-08-24</subfield>
    <subfield code="y">BK</subfield>
  </datafield>
  <datafield tag="952" ind1=" " ind2=" ">
    <subfield code="0">0</subfield>
    <subfield code="1">0</subfield>
    <subfield code="2">ddc</subfield>
    <subfield code="4">0</subfield>
    <subfield code="7">0</subfield>
    <subfield code="8">BTECHECE</subfield>
    <subfield code="a">PIET</subfield>
    <subfield code="b">PIET</subfield>
    <subfield code="d">2007-09-10</subfield>
    <subfield code="e">UDH, Delhi</subfield>
    <subfield code="g">449.00</subfield>
    <subfield code="k">1494</subfield>
    <subfield code="l">2</subfield>
    <subfield code="o">621.3811 HAC</subfield>
    <subfield code="p">7753</subfield>
    <subfield code="r">2025-05-05 00:00:00</subfield>
    <subfield code="s">2025-04-18</subfield>
    <subfield code="w">2007-08-24</subfield>
    <subfield code="y">BK</subfield>
  </datafield>
  <datafield tag="952" ind1=" " ind2=" ">
    <subfield code="0">0</subfield>
    <subfield code="1">0</subfield>
    <subfield code="2">ddc</subfield>
    <subfield code="4">0</subfield>
    <subfield code="7">0</subfield>
    <subfield code="8">BTECHECE</subfield>
    <subfield code="a">PIET</subfield>
    <subfield code="b">PIET</subfield>
    <subfield code="d">2007-09-10</subfield>
    <subfield code="e">UDH, Delhi</subfield>
    <subfield code="g">449.00</subfield>
    <subfield code="k">1494</subfield>
    <subfield code="l">2</subfield>
    <subfield code="o">621.3811 HAC</subfield>
    <subfield code="p">7754</subfield>
    <subfield code="r">2025-05-26 00:00:00</subfield>
    <subfield code="s">2025-05-15</subfield>
    <subfield code="w">2007-08-24</subfield>
    <subfield code="y">BK</subfield>
  </datafield>
  <datafield tag="952" ind1=" " ind2=" ">
    <subfield code="0">0</subfield>
    <subfield code="1">0</subfield>
    <subfield code="2">ddc</subfield>
    <subfield code="4">0</subfield>
    <subfield code="7">0</subfield>
    <subfield code="8">BTECHECE</subfield>
    <subfield code="a">PIET</subfield>
    <subfield code="b">PIET</subfield>
    <subfield code="d">2007-09-10</subfield>
    <subfield code="e">UDH, Delhi</subfield>
    <subfield code="g">449.00</subfield>
    <subfield code="k">1494</subfield>
    <subfield code="l">2</subfield>
    <subfield code="o">621.3811 HAC</subfield>
    <subfield code="p">7755</subfield>
    <subfield code="q">2025-09-08</subfield>
    <subfield code="r">2025-02-20 00:00:00</subfield>
    <subfield code="s">2025-02-20</subfield>
    <subfield code="w">2007-08-24</subfield>
    <subfield code="y">BK</subfield>
  </datafield>
  <datafield tag="952" ind1=" " ind2=" ">
    <subfield code="0">0</subfield>
    <subfield code="1">0</subfield>
    <subfield code="2">ddc</subfield>
    <subfield code="4">0</subfield>
    <subfield code="7">0</subfield>
    <subfield code="8">BTECHECE</subfield>
    <subfield code="a">PIET</subfield>
    <subfield code="b">PIET</subfield>
    <subfield code="d">2007-09-10</subfield>
    <subfield code="e">UDH, Delhi</subfield>
    <subfield code="g">449.00</subfield>
    <subfield code="k">1494</subfield>
    <subfield code="l">0</subfield>
    <subfield code="o">621.380413 HAD</subfield>
    <subfield code="p">7756</subfield>
    <subfield code="r">2019-12-04 00:00:00</subfield>
    <subfield code="w">2007-08-24</subfield>
    <subfield code="y">BK</subfield>
  </datafield>
  <datafield tag="952" ind1=" " ind2=" ">
    <subfield code="0">0</subfield>
    <subfield code="1">0</subfield>
    <subfield code="2">ddc</subfield>
    <subfield code="4">0</subfield>
    <subfield code="7">0</subfield>
    <subfield code="8">BTECHECE</subfield>
    <subfield code="a">PIET</subfield>
    <subfield code="b">PIET</subfield>
    <subfield code="d">2007-09-10</subfield>
    <subfield code="e">UDH, Delhi</subfield>
    <subfield code="g">449.00</subfield>
    <subfield code="k">1494</subfield>
    <subfield code="l">0</subfield>
    <subfield code="o">621.3811 HAC</subfield>
    <subfield code="p">7757</subfield>
    <subfield code="r">2019-12-04 00:00:00</subfield>
    <subfield code="w">2007-08-24</subfield>
    <subfield code="y">BK</subfield>
  </datafield>
  <datafield tag="952" ind1=" " ind2=" ">
    <subfield code="0">0</subfield>
    <subfield code="1">0</subfield>
    <subfield code="2">ddc</subfield>
    <subfield code="4">0</subfield>
    <subfield code="7">0</subfield>
    <subfield code="8">BTECHECE</subfield>
    <subfield code="a">PIET</subfield>
    <subfield code="b">PIET</subfield>
    <subfield code="d">2007-09-10</subfield>
    <subfield code="e">UDH, Delhi</subfield>
    <subfield code="g">449.00</subfield>
    <subfield code="k">1494</subfield>
    <subfield code="l">1</subfield>
    <subfield code="o">621.3811 HAC</subfield>
    <subfield code="p">7758</subfield>
    <subfield code="q">2020-11-16</subfield>
    <subfield code="r">2020-10-31 00:00:00</subfield>
    <subfield code="s">2020-10-31</subfield>
    <subfield code="w">2007-08-24</subfield>
    <subfield code="y">BK</subfield>
  </datafield>
  <datafield tag="952" ind1=" " ind2=" ">
    <subfield code="0">0</subfield>
    <subfield code="1">0</subfield>
    <subfield code="2">ddc</subfield>
    <subfield code="4">0</subfield>
    <subfield code="7">0</subfield>
    <subfield code="8">BTECHECE</subfield>
    <subfield code="a">PIET</subfield>
    <subfield code="b">PIET</subfield>
    <subfield code="d">2007-09-10</subfield>
    <subfield code="e">UDH, Delhi</subfield>
    <subfield code="g">449.00</subfield>
    <subfield code="k">1494</subfield>
    <subfield code="l">1</subfield>
    <subfield code="o">621.3811 HAC</subfield>
    <subfield code="p">7759</subfield>
    <subfield code="r">2025-05-05 00:00:00</subfield>
    <subfield code="s">2025-04-30</subfield>
    <subfield code="w">2007-08-24</subfield>
    <subfield code="y">BK</subfield>
  </datafield>
  <datafield tag="952" ind1=" " ind2=" ">
    <subfield code="0">0</subfield>
    <subfield code="1">0</subfield>
    <subfield code="2">ddc</subfield>
    <subfield code="4">0</subfield>
    <subfield code="7">0</subfield>
    <subfield code="8">BTECHECE</subfield>
    <subfield code="a">PIET</subfield>
    <subfield code="b">PIET</subfield>
    <subfield code="d">2007-09-10</subfield>
    <subfield code="e">UDH, Delhi</subfield>
    <subfield code="g">449.00</subfield>
    <subfield code="k">1494</subfield>
    <subfield code="l">1</subfield>
    <subfield code="o">621.3811 HAC</subfield>
    <subfield code="p">7760</subfield>
    <subfield code="r">2020-06-27 00:00:00</subfield>
    <subfield code="s">2019-12-16</subfield>
    <subfield code="w">2007-08-24</subfield>
    <subfield code="y">BK</subfield>
  </datafield>
  <datafield tag="952" ind1=" " ind2=" ">
    <subfield code="0">0</subfield>
    <subfield code="1">0</subfield>
    <subfield code="2">ddc</subfield>
    <subfield code="4">0</subfield>
    <subfield code="7">0</subfield>
    <subfield code="8">BTECHECE</subfield>
    <subfield code="a">PIET</subfield>
    <subfield code="b">PIET</subfield>
    <subfield code="d">2007-09-10</subfield>
    <subfield code="e">UDH, Delhi</subfield>
    <subfield code="g">449.00</subfield>
    <subfield code="k">1494</subfield>
    <subfield code="l">1</subfield>
    <subfield code="o">621.3811 HAC</subfield>
    <subfield code="p">7761</subfield>
    <subfield code="r">2025-05-02 00:00:00</subfield>
    <subfield code="s">2025-04-18</subfield>
    <subfield code="w">2007-08-24</subfield>
    <subfield code="y">BK</subfield>
  </datafield>
</record>
